| 000 | 003900000a22001570004500 | ||
|---|---|---|---|
| 001 | 001360 | ||
| 003 | MACL | ||
| 040 | _aMACL | ||
| 090 |
_c1360 _d1360 |
||
| 100 | _aNarang, Gokul Chand | ||
| 245 |
_aGlorious History of Sikhism _bFrom Spiritualism to Militarism _cGokul Chand Narang |
||
| 260 |
_aNew Book Society of India, _c1999 |
||
| 350 | _a450 | ||
| 650 | _aReligion | ||
| 942 |
_k295 _cBook |
||
| 999 |
_c1355 _d1355 |
||